Football Teams Rudi Völler Played For - Statistics

General Stats
  • This quiz has been taken 25 times
  • The average score is 4 of 6
Answer Stats
League Years Team % Correct
Italy 1987-1992 AS Roma
91%
Germany 1994-1996 Bayer 04 Leverkusen
82%
France 1992-1994 Olympique de Marseille
77%
Germany 1982-1987 SV Werder Bremen
64%
Germany 1980-1982 TSV 1860 München
36%
Germany 1977-1980 Kickers Offenbach
27%
No matching quizzes found
Score Distribution
Percent of People with Each Score
Percentile by Number Answered
Your Score History
You have not taken this quiz